[Event "XIX Sants Open 2017"]
[Site "Cotxeres de Sants"]
[Date "2017.08.26"]
[Round "9"]
[White "Cruz, Jonathan"]
[Black "Mons, Leon"]
[Result "0-1"]
[WhiteElo "2424"]
[BlackElo "2483"]
[Annotator "TA"]
[PlyCount "76"]
[EventDate "2017.??.??"]
[EventType "swiss"]
[EventCountry "ESP"]
[SourceTitle "playchess.com"]
[Source "ChessBase"]
[SourceQuality "1"]

{[%evp 21,76,14,17,21,17,-37,-37,-37,-37,-35,-37,-30,0,0,0,0,0,-15,-15,-85,-92,-158,-141,-143,-69,-131,-70,-188,-48,-72,-31,-170,-168,-158,-44,-80,0,0,0,-532,-606,-672,-664,-29978,-29979,-12845,-12835,-29986,-29987,-29990,-9283,-6203,-5709,-4906,-4030,-1045,-1037]} 1. d4 Nf6 2. c4 e6 3. Nc3 Bb4 4. Qc2 O-O 5. a3 Bxc3+ 6. Qxc3 d5 7. Bg5 dxc4 {E36: Nimzo-Indian: Classical: 4...d5 5 a3} 8. Qxc4 b6 9. Nf3 Ba6 10. Qa4 Qd7 11. Qc2 c5 {LiveBook: 35 Games} 12. dxc5 Rc8 13. Ne5 $146 (13. Bxf6 $11 gxf6 14. Qe4) ({Predecessor:} 13. Bxf6 gxf6 14. Rd1 Qe7 15. Qe4 Qxc5 16. e3 Bxf1 17. Kxf1 {½-½ (46) So,W (2770)-Nakamura,H (2787) Bilbao 2016}) 13... Qd5 $15 14. Bxf6 gxf6 15. Nf3 Rxc5 16. Qa4 Rc4 (16... Bb5 $5 {[%cal Rb5a4]} 17. Qg4+ Kf8 $11) 17. Qd1 ({Don't blunder} 17. Qe8+ $2 Kg7 $19) 17... Qxd1+ 18. Rxd1 Rc2 19. Rd8+ Kg7 20. Nd4 (20. Rd2 $11 Rc1+ 21. Rd1 Rxd1+ 22. Kxd1) 20... Rxb2 $17 21. Nc6 (21. f3 $142) 21... Nxc6 22. Rxa8 Ra2 (22... Rb1+ $17 23. Kd2 Ra1) 23. h4 (23. f4 $15) 23... Rxa3 (23... Ra1+ $17 24. Kd2 f5) 24. h5 (24. f3 $1 $15) 24... h6 (24... Ra1+ $19 25. Kd2 h6) 25. f3 $15 b5 {[%cal Bb6b5,Bb5b4,Bb4b3,Bb3b2][%mdl 32]} 26. Rh3 (26. Rh4 $15 f5 27. e4) 26... f5 $1 $19 {Strongly threatening ...b4.} 27. e4 Ra1+ (27... Bb7 $17 28. Rg3+ Kf6) 28. Kf2 $15 f4 ({Black should try} 28... fxe4 $17 29. fxe4 b4 30. Bxa6 Rxa6) 29. g3 $1 $11 Ra2+ 30. Kg1 $2 {[%mdl 8192] [#]} (30. Ke1 $1 $11) 30... b4 $1 $19 {[%cal Rb4b3]} 31. Bxa6 Rxa6 {[%mdl 4096] Endgame KRR-KRN} 32. Rh4 b3 33. Rg4+ Kf6 34. Re8 b2 35. Rxf4+ Ke5 (35... Kg7 $142 36. Rg4+ Kh7 37. Rg6 b1=Q+ 38. Kg2 Ra2+ 39. Kh3 Qh1+ 40. Kg4 {[#]} f5+ $1 {[%mdl 512]} 41. exf5 Ra4+ 42. f4 Ne5#) 36. Rf5+ {Black is clearly winning.} Kd4 37. Rb5 Rb6 38. Rxb2 Rxb2 {Precision: White = 27%, Black = 46%.} 0-1

[Event "XIX Sants Open 2017"]
[Site "Cotxeres de Sants"]
[Date "2017.08.26"]
[Round "9"]
[White "Suarez Uriel, Adrian"]
[Black "Krysa, Leandro"]
[Result "0-1"]
[WhiteElo "2406"]
[BlackElo "2537"]
[Annotator "TA"]
[PlyCount "82"]
[EventDate "2017.??.??"]
[EventType "swiss"]
[EventCountry "ESP"]
[SourceTitle "playchess.com"]
[Source "ChessBase"]
[SourceQuality "1"]

{[%evp 18,82,12,1,14,0,32,7,16,16,3,15,10,11,11,5,0,0,14,0,0,0,18,0,20,0,-2,-2,-10,-63,-67,-96,-87,-163,-31,-22,-39,-140,-119,-220,-210,-297,-193,-189,-184,-206,-197,-185,-108,-288,-281,-281,-268,-267,-274,-291,-254,-285,-208,-198,-204,-397,-374,-479,-370,-513,-510]} 1. e4 e5 2. Nf3 Nc6 3. Bc4 Bc5 4. d3 Nf6 5. O-O d6 6. c3 O-O 7. Bb3 Ne7 {C54: Giuoco Piano: 4 c3 Nf6, main lines with 5 d4 and 5 d3} (7... a6 8. Nbd2 Ba7 9. h3 Be6 10. Re1 Re8 11. Nf1 h6 12. Bc2 d5 13. exd5 Qxd5 14. Ng3 Rad8 15. Bd2 Qd6 16. Qc1 Nd5 17. d4 exd4 18. Bxh6 Ne3 19. fxe3 d3 {0-1 (35) Ponomariov,R (2709)-Anton Guijarro,D (2650) Tallinn 2016}) 8. Nbd2 Ng6 9. d4 Bb6 10. Re1 {LiveBook: 3 Games} exd4 11. cxd4 d5 $146 ({Predecessor:} 11... c6 12. Qc2 c5 13. e5 dxe5 14. dxe5 {1-0 (34) Burtasova,A (2007)-Sukhareva,E Smolensk 2001}) 12. exd5 Nxd5 13. Ne4 c6 14. Bg5 f6 15. Bd2 Kh8 16. h3 Bc7 17. Rc1 Rb8 18. Qc2 Bf5 19. Qc5 Bb6 20. Qa3 Ngf4 {With the idea ...Nd3.} 21. Nd6 {And now Bxd5 would win.} Bg6 $36 {[%mdl 2048] Black has some pressure.} 22. Nh4 Bh5 23. Bc4 (23. Nhf5 $11) 23... Bxd4 $15 {...Qb6 is the strong threat.} 24. Bxf4 Nxf4 25. g4 (25. Ndf5 $17) 25... c5 ({Black should try} 25... Qb6 $1 $19 26. Rc2 Bc5) 26. Nhf5 Bg6 {Threatens to win with ...Bxf5.} 27. Qf3 ({White should play} 27. Bf1 $1 $15) 27... Bxf5 28. Nf7+ {[#]} (28. Nxf5 $17 Be5 29. Bf1) 28... Rxf7 $1 $19 29. Bxf7 (29. gxf5 {might work better.} Bxb2 30. Rb1) 29... Bxf2+ ({Less strong is} 29... Bxb2 30. Qxf4 Bxc1 31. Qxf5 $17) 30. Kxf2 {[#]} Nd3+ $1 31. Kg2 {Black must now prevent Re8+.} Nxe1+ 32. Rxe1 {aiming for Re8+.} Qc7 (32... Bd7 $19 33. Bd5 Be8) 33. Qd5 $2 (33. Qg3 $17 Qxg3+ 34. Kxg3) 33... Bg6 34. Bxg6 hxg6 {[%mdl 4096] Endgame KQR-KQR} 35. Qe4 Qf7 36. h4 Kg8 37. g5 Rf8 {Strongly threatening ...fxg5.} 38. h5 {[#]} f5 $1 {[%cal Rf5e4]} ({Don't do} 38... fxg5 39. hxg6 Qf2+ 40. Kh1 $15) 39. Qd3 $2 (39. hxg6 {was necessary.} fxe4 40. gxf7+ Kxf7 41. Rxe4) 39... gxh5 40. Qd6 Qc4 41. Re7 Qg4+ {Precision: White = 29%, Black = 54%.} 0-1

[Event "XIX Sants Open 2017"]
[Site "Cotxeres de Sants"]
[Date "2017.08.26"]
[Round "9"]
[White "Garcia Ruiz, Adrian"]
[Black "Lopez Gallego, Miguel Angel"]
[Result "1-0"]
[WhiteElo "1940"]
[BlackElo "1819"]
[Annotator "NA"]
[PlyCount "91"]
[EventDate "2017.??.??"]
[EventType "swiss"]
[EventCountry "ESP"]
[SourceTitle "playchess.com"]
[Source "ChessBase"]
[SourceQuality "1"]
[TimeControl "40/5400+30:1800+30"]

1. e4 c5 2. Nf3 d6 3. d4 cxd4 4. Nxd4 Nf6 5. Nc3 a6 6. Be3 e6 7. Be2 Be7 8. O-O Qc7 9. a4 b6 10. f4 Nbd7 11. Qe1 Bb7 12. Bf3 Nc5 13. e5 dxe5 14. fxe5 Nd5 15. Nxd5 Bxd5 16. Bxd5 exd5 17. Qg3 g6 18. Qf3 O-O-O 19. Qe2 Kb7 20. Rxf7 Qxe5 21. b4 Nd7 22. Qd2 Bf6 23. Rf1 Rhe8 24. Rxh7 Rh8 25. Nf3 Qe4 26. Rxh8 Rxh8 27. Bd4 Rc8 28. c3 Rc7 29. Re1 Qf5 30. Bxf6 Nxf6 31. Qd4 Ne4 32. a5 Rc6 33. Ne5 Rd6 34. Rf1 Qc8 35. Rf7+ Ka8 36. axb6 Qxc3 37. Rf8+ Kb7 38. Rf7+ Ka8 39. Rf8+ Kb7 40. Rf7+ Ka8 41. b7+ Kb8 42. Rf8+ Kxb7 43. Rf7+ Kc8 44. Qa7 Qe1+ 45. Rf1 Qxf1+ 46. Kxf1 1-0

[Event "XIX Sants Open 2017"]
[Site "Cotxeres de Sants"]
[Date "2017.08.26"]
[Round "9"]
[White "Casset Bello, Elena"]
[Black "Sole Gonzalez, Edgar"]
[Result "1/2-1/2"]
[WhiteElo "1936"]
[BlackElo "1866"]
[Annotator "NA"]
[PlyCount "49"]
[EventDate "2017.??.??"]
[EventType "swiss"]
[EventCountry "ESP"]
[SourceTitle "playchess.com"]
[Source "ChessBase"]
[SourceQuality "1"]
[TimeControl "40/5400+30:1800+30"]

1. d4 {[%emt 0:00:00]} d5 {[%emt 0:01:33]} 2. c4 {[%emt 0:00:00]} e6 {[%emt 0:00:12]} 3. cxd5 {[%emt 0:00:00]} exd5 {[%emt 0:00:11]} 4. Nc3 {[%emt 0:00:00]} Nf6 {[%emt 0:00:10]} 5. Bg5 {[%emt 0:00:14]} Nbd7 {[%emt 0:00:17]} 6. e3 {[%emt 0:00:23]} c6 {[%emt 0:00:08]} 7. Bd3 {[%emt 0:00:34]} Be7 {[%emt 0:00:08]} 8. Qc2 {[%emt 0:00:25]} O-O {[%emt 0:00:19]} 9. Nf3 {[%emt 0:00:17]} h6 {[%emt 0:00:16]} 10. Bh4 {[%emt 0:01:04]} Re8 {[%emt 0:00:10]} 11. O-O {[%emt 0:00:32]} Ne4 {[%emt 0:00:39]} 12. Bxe7 {[%emt 0:00:20]} Qxe7 {[%emt 0:00:11]} 13. Bxe4 {[%emt 0:02:44]} dxe4 {[%emt 0:00:14]} 14. Nd2 {[%emt 0:00:03]} Nf6 {[%emt 0:00:09]} 15. Nc4 {[%emt 0:22:55]} Bf5 {[%emt 0:10:43]} 16. Ne2 {[%emt 0:10:21]} Nd5 {[%emt 0:04:31]} 17. Ng3 {[%emt 0:05:31]} Bg6 {[%emt 0:02:46]} 18. a3 {[%emt 0:03:13]} h5 {[%emt 0:08:55]} 19. Ne5 {[%emt 0:02:06]} Qe6 {[%emt 0:00:32]} 20. Nxg6 {[%emt 0:08:32]} Qxg6 {[%emt 0:00:06]} 21. Ne2 {[%emt 0:04:01]} h4 {[%emt 0:05:39]} 22. h3 {[%emt 0:02:13]} Qf5 {[%emt 0:04:33]} 23. Nc3 {[%emt 0:01:36]} Re6 {[%emt 0:02:30]} 24. Nxd5 {[%emt 0:01:41]} cxd5 {[%emt 0:03:35]} 25. Qc7 {[%emt 0:02:48]} 1/2-1/2

[Event "XIX Sants Open 2017"]
[Site "Cotxeres de Sants"]
[Date "2017.08.26"]
[Round "9"]
[White "Morera Campos, Yanori Maria"]
[Black "Petit Montes, Marc"]
[Result "1/2-1/2"]
[WhiteElo "1887"]
[BlackElo "1948"]
[Annotator "NA"]
[PlyCount "50"]
[EventDate "2017.??.??"]
[EventType "swiss"]
[EventCountry "ESP"]
[SourceTitle "playchess.com"]
[Source "ChessBase"]
[SourceQuality "1"]
[TimeControl "40/5400+30:1800+30"]

1. e4 {[%emt 0:00:00]} c6 {[%emt 0:00:03]} 2. d4 {[%emt 0:00:00]} d5 {[%emt 0:00:08]} 3. Nd2 {[%emt 0:00:03]} dxe4 {[%emt 0:00:16]} 4. Nxe4 {[%emt 0:00:09]} Bf5 {[%emt 0:00:07]} 5. Ng3 {[%emt 0:00:18]} Bg6 {[%emt 0:00:06]} 6. h4 {[%emt 0:00:20]} h6 {[%emt 0:01:02]} 7. Nf3 {[%emt 0:00:18]} Nd7 {[%emt 0:00:29]} 8. h5 {[%emt 0:00:23]} Bh7 {[%emt 0:00:11]} 9. Bd3 {[%emt 0:00:17]} Bxd3 {[%emt 0:00:24]} 10. Qxd3 {[%emt 0:00:04]} Ngf6 {[%emt 0:03:01]} 11. Bd2 {[%emt 0:01:13]} Qc7 {[%emt 0:01:12]} 12. O-O-O {[%emt 0:02:13]} O-O-O {[%emt 0:00:35]} 13. Kb1 {[%emt 0:04:02]} e6 {[%emt 0:00:11]} 14. c4 Bd6 {[%emt 0:01:05]} 15. Ne4 {[%emt 0:08:27]} Nxe4 {[%emt 0:00:11]} 16. Qxe4 {[%emt 0:00:04]} Nf6 {[%emt 0:00:03]} 17. Qc2 {[%emt 0:01:03]} c5 {[%emt 0:02:49]} 18. Qa4 {[%emt 0:12:57]} Kb8 {[%emt 0:09:24]} 19. g3 {[%emt 0:03:07]} Ka8 {[%emt 0:37:31]} 20. Rh4 {[%emt 0:05:34]} Rc8 {[%emt 0:04:20]} 21. Be3 {[%emt 0:01:35]} Rhd8 {[%emt 0:10:11]} 22. Rd3 {[%emt 0:15:04]} Qd7 {[%emt 0:06:26]} 23. Qd1 {[%emt 0:04:00]} Qc7 {[%emt 0:04:20]} 24. Qa4 {[%emt 0:11:51]} Qd7 {[%emt 0:01:08]} 25. Qd1 {[%emt 0:03:00]} Qc7 1/2-1/2

[Event "XIX Sants Open 2017"]
[Site "Cotxeres de Sants"]
[Date "2017.08.26"]
[Round "9"]
[White "Calonge Fabregat, Marc"]
[Black "Zverev, Lev"]
[Result "1-0"]
[WhiteElo "1885"]
[BlackElo "1372"]
[Annotator "NA"]
[PlyCount "81"]
[EventDate "2017.??.??"]
[EventType "swiss"]
[EventCountry "ESP"]
[SourceTitle "playchess.com"]
[Source "ChessBase"]
[SourceQuality "1"]
[TimeControl "40/5400+30:1800+30"]

1. e3 {[%emt 0:00:00]} d5 {[%emt 0:00:15]} 2. c4 {[%emt 0:00:45]} e6 {[%emt 0:00:24]} 3. Nf3 {[%emt 0:00:44]} Nf6 {[%emt 0:00:10]} 4. d4 {[%emt 0:02:25]} Be7 {[%emt 0:00:17]} 5. Nc3 {[%emt 0:01:54]} O-O {[%emt 0:00:12]} 6. Be2 {[%emt 0:01:09]} b6 {[%emt 0:00:10]} 7. b3 {[%emt 0:01:36]} Bb7 {[%emt 0:01:26]} 8. O-O {[%emt 0:00:25]} Nbd7 {[%emt 0:00:24]} 9. Bb2 {[%emt 0:01:17]} c5 {[%emt 0:00:29]} 10. Rc1 {[%emt 0:03:35]} Rc8 {[%emt 0:00:29]} 11. Qd3 {[%emt 0:13:16]} dxc4 {[%emt 0:01:30]} 12. bxc4 {[%emt 0:00:20]} cxd4 {[%emt 0:00:36]} 13. exd4 {[%emt 0:01:27]} Bxf3 {[%emt 0:04:42]} 14. Qxf3 {[%emt 0:00:49]} e5 {[%emt 0:00:49]} 15. Nb5 {[%emt 0:07:19]} a6 {[%emt 0:01:40]} 16. dxe5 {[%emt 0:02:59]} axb5 {[%emt 0:02:45]} 17. exf6 {[%emt 0:00:08]} Bxf6 {[%emt 0:00:25]} 18. Bxf6 {[%emt 0:00:24]} Nxf6 {[%emt 0:00:16]} 19. cxb5 {[%emt 0:08:35]} Rxc1 {[%emt 0:00:09]} 20. Rxc1 {[%emt 0:00:11]} Qd2 {[%emt 0:00:08]} 21. Qe3 {[%emt 0:11:43]} Qxa2 {[%emt 0:00:21]} 22. Bf1 {[%emt 0:04:50]} Qb2 {[%emt 0:01:23]} 23. Rc6 {[%emt 0:06:43]} Nd5 {[%emt 0:03:42]} 24. Qe4 {[%emt 0:04:47]} Nf6 {[%emt 0:01:32]} 25. Qe3 {[%emt 0:01:52]} Nd5 {[%emt 0:01:14]} 26. Qe4 {[%emt 0:02:04]} Nf6 {[%emt 0:00:08]} 27. Qc4 {[%emt 0:00:45]} Nd7 {[%emt 0:01:03]} 28. Rd6 {[%emt 0:03:55]} Ne5 {[%emt 0:00:20]} 29. Qc7 {[%emt 0:05:53]} g6 {[%emt 0:06:05]} 30. Rd8 {[%emt 0:02:47]} Qa1 {[%emt 0:03:06]} 31. Rxf8+ {[%emt 0:01:57]} Kxf8 {[%emt 0:00:10]} 32. Qd8+ {[%emt 0:00:15]} Kg7 {[%emt 0:00:09]} 33. Qxb6 {[%emt 0:00:02]} Nc4 {[%emt 0:00:44]} 34. Qd8 {[%emt 0:03:50]} Qc3 {[%emt 0:02:51]} 35. Qc7 {[%emt 0:02:49]} Qd4 {[%emt 0:01:16]} 36. Qxc4 {[%emt 0:00:13]} Qxc4 {[%emt 0:00:08]} 37. Bxc4 {[%emt 0:00:04]} Kf6 {[%emt 0:00:11]} 38. b6 {[%emt 0:00:11]} Kg5 {[%emt 0:00:07]} 39. b7 {[%emt 0:00:04]} Kh4 {[%emt 0:00:24]} 40. b8=Q {[%emt 0:00:00]} h5 {[%emt 0:00:36]} 41. Qf4# 1-0

[Event "XIX Sants Open 2017"]
[Site "Cotxeres de Sants"]
[Date "2017.08.26"]
[Round "9"]
[White "Martinez Torras, Pol"]
[Black "Forte Esparza, Miguel"]
[Result "1/2-1/2"]
[WhiteElo "1647"]
[BlackElo "1602"]
[Annotator "NA"]
[PlyCount "52"]
[EventDate "2017.??.??"]
[EventType "swiss"]
[EventCountry "ESP"]
[SourceTitle "playchess.com"]
[Source "ChessBase"]
[SourceQuality "1"]
[TimeControl "40/5400+30:1800+30"]

1. d4 {[%emt 0:00:00]} Nf6 {[%emt 0:16:21]} 2. c4 {[%emt 0:00:00]} c5 {[%emt 0:00:07]} 3. d5 {[%emt 0:01:02]} b5 {[%emt 0:00:09]} 4. cxb5 {[%emt 0:00:07]} a6 {[%emt 0:00:04]} 5. bxa6 {[%emt 0:00:12]} g6 {[%emt 0:00:05]} 6. Nc3 {[%emt 0:01:48]} Bg7 {[%emt 0:00:09]} 7. g3 {[%emt 0:01:46]} O-O {[%emt 0:01:26]} 8. Nf3 {[%emt 0:02:36]} d6 {[%emt 0:02:38]} 9. Bg2 {[%emt 0:03:52]} Bxa6 {[%emt 0:00:07]} 10. O-O {[%emt 0:00:20]} Nbd7 {[%emt 0:00:19]} 11. Re1 {[%emt 0:02:31]} Qa5 {[%emt 0:00:50]} 12. h3 {[%emt 0:03:30]} Rfb8 {[%emt 0:00:28]} 13. Qc2 {[%emt 0:01:47]} Nb6 {[%emt 0:08:45]} 14. e4 {[%emt 0:05:24]} Bc4 {[%emt 0:15:22]} 15. Nd2 {[%emt 0:04:46]} Nfd7 {[%emt 0:02:52]} 16. Bf1 {[%emt 0:06:06]} Ne5 {[%emt 0:16:09]} 17. Bxc4 {[%emt 0:09:39]} Nbxc4 {[%emt 0:04:56]} 18. Kg2 {[%emt 0:11:39]} Nxd2 {[%emt 0:03:13]} 19. Bxd2 {[%emt 0:00:37]} Nc4 {[%emt 0:00:49]} 20. Reb1 {[%emt 0:12:47]} Nxd2 {[%emt 0:05:36]} 21. Qxd2 {[%emt 0:00:02]} Bxc3 {[%emt 0:00:10]} 22. bxc3 {[%emt 0:01:50]} Rxb1 {[%emt 0:00:10]} 23. Rxb1 {[%emt 0:00:07]} Qxa2 {[%emt 0:00:06]} 24. Rb2 {[%emt 0:11:56]} Qc4 {[%emt 0:01:59]} 25. Qe3 {[%emt 0:02:18]} Ra1 {[%emt 0:03:47]} 26. Kf3 {[%emt 0:04:30]} Kg7 {[%emt 0:04:19]} 1/2-1/2

[Event "XIX Sants Open 2017"]
[Site "Cotxeres de Sants"]
[Date "2017.08.26"]
[Round "9"]
[White "Ferre Navarro, Joan"]
[Black "Lopez Oliva, Victor"]
[Result "0-1"]
[WhiteElo "1594"]
[BlackElo "1530"]
[Annotator "NA"]
[PlyCount "80"]
[EventDate "2017.??.??"]
[EventType "swiss"]
[EventCountry "ESP"]
[SourceTitle "playchess.com"]
[Source "ChessBase"]
[SourceQuality "1"]
[TimeControl "40/5400+30:1800+30"]

1. d4 {[%emt 0:00:00]} Nf6 {[%emt 0:00:05]} 2. Nf3 {[%emt 0:00:00]} g6 {[%emt 0:00:46]} 3. Bf4 {[%emt 0:00:00]} d6 {[%emt 0:02:28]} 4. e3 {[%emt 0:00:05]} Bg7 {[%emt 0:00:22]} 5. Bd3 {[%emt 0:00:24]} O-O {[%emt 0:00:30]} 6. h3 {[%emt 0:00:15]} Nbd7 {[%emt 0:00:51]} 7. c4 {[%emt 0:03:47]} Re8 {[%emt 0:01:20]} 8. Nc3 {[%emt 0:01:16]} e5 {[%emt 0:00:19]} 9. dxe5 {[%emt 0:03:42]} dxe5 {[%emt 0:00:10]} 10. Bg5 {[%emt 0:00:15]} h6 {[%emt 0:05:36]} 11. Bxf6 {[%emt 0:00:35]} Nxf6 {[%emt 0:01:11]} 12. Bc2 {[%emt 0:01:32]} e4 {[%emt 0:10:14]} 13. Qxd8 {[%emt 0:06:54]} Rxd8 {[%emt 0:00:18]} 14. Nxe4 {[%emt 0:00:15]} Nxe4 {[%emt 0:00:07]} 15. Bxe4 {[%emt 0:00:16]} Bxb2 {[%emt 0:00:18]} 16. Rb1 {[%emt 0:00:30]} Bc3+ {[%emt 0:00:51]} 17. Ke2 {[%emt 0:00:10]} Be6 {[%emt 0:09:19]} 18. Bd5 {[%emt 0:04:10]} Bxd5 {[%emt 0:02:24]} 19. cxd5 {[%emt 0:00:08]} Rab8 {[%emt 0:00:56]} 20. Rhd1 {[%emt 0:03:06]} c6 {[%emt 0:12:09]} 21. Rb3 {[%emt 0:11:05]} Ba5 {[%emt 0:04:27]} 22. d6 {[%emt 0:04:02]} f6 {[%emt 0:03:02]} 23. a3 {[%emt 0:02:48]} Rd7 {[%emt 0:05:40]} 24. e4 {[%emt 0:00:45]} Rbd8 {[%emt 0:01:09]} 25. Rbd3 {[%emt 0:02:47]} Bb6 {[%emt 0:01:30]} 26. e5 {[%emt 0:00:16]} Bc5 {[%emt 0:01:12]} 27. e6 {[%emt 0:01:50]} Rxd6 {[%emt 0:00:26]} 28. e7 {[%emt 0:00:11]} Re6+ {[%emt 0:00:45]} 29. Re3 {[%emt 0:06:44]} Rxe3+ {[%emt 0:01:02]} 30. fxe3 {[%emt 0:00:20]} Bxe7 {[%emt 0:00:17]} 31. Rxd8+ {[%emt 0:01:39]} Bxd8 {[%emt 0:00:08]} 32. Nd4 {[%emt 0:01:02]} Bb6 {[%emt 0:01:59]} 33. Kd3 {[%emt 0:01:13]} Bxd4 {[%emt 0:03:08]} 34. Kxd4 {[%emt 0:00:13]} b6 {[%emt 0:00:19]} 35. g3 {[%emt 0:00:50]} Kf7 {[%emt 0:00:12]} 36. g4 {[%emt 0:00:54]} Ke6 {[%emt 0:00:45]} 37. Ke4 {[%emt 0:01:19]} a5 {[%emt 0:01:54]} 38. Kd4 {[%emt 0:00:21]} Kd6 {[%emt 0:00:11]} 39. h4 {[%emt 0:01:32]} b5 {[%emt 0:00:49]} 40. Ke4 {[%emt 0:00:00]} b4 {[%emt 0:00:15]} 0-1

[Event "XIX Sants Open 2017"]
[Site "Cotxeres de Sants"]
[Date "2017.08.26"]
[Round "9"]
[White "Segura Ruiz, Carlos"]
[Black "Siegel, Rainer"]
[Result "1/2-1/2"]
[WhiteElo "1414"]
[BlackElo "1551"]
[Annotator "NA"]
[PlyCount "62"]
[EventDate "2017.??.??"]
[EventType "swiss"]
[EventCountry "ESP"]
[SourceTitle "playchess.com"]
[Source "ChessBase"]
[SourceQuality "1"]
[TimeControl "40/5400+30:1800+30"]

1. b3 d6 2. e3 Nf6 3. Bb2 e5 4. Bb5+ Nbd7 5. d4 e4 6. d5 Be7 7. Ne2 a6 8. Bxd7+ Bxd7 9. c4 O-O 10. Ng3 Re8 11. Nc3 Bf8 12. Qc2 Qe7 13. Rd1 b5 14. Rd4 b4 15. Ncxe4 Nxe4 16. Qxe4 Qg5 17. Qf3 g6 18. Ne4 Rxe4 19. Rxe4 f5 20. Rd4 Re8 21. O-O Bg7 22. Rd2 Bxb2 23. Rxb2 Re4 24. Rd2 Rh4 25. Rfd1 Qh6 26. Qg3 Rg4 27. Qh3 Rh4 28. Qg3 Rg4 29. Qh3 Rh4 30. Qg3 Rg4 31. Qh3 Qxh3 1/2-1/2

[Event "XIX Sants Open 2017"]
[Site "Cotxeres de Sants"]
[Date "2017.08.27"]
[Round "10"]
[White "Agdestein, Simen"]
[Black "Rizouk, Aimen"]
[Result "1-0"]
[WhiteElo "2604"]
[BlackElo "2433"]
[Annotator "TA"]
[PlyCount "75"]
[EventDate "2017.??.??"]
[EventType "swiss"]
[EventCountry "ESP"]
[SourceTitle "playchess.com"]
[Source "ChessBase"]
[SourceQuality "1"]

{[%evp 15,75,46,68,29,35,32,43,24,74,52,63,65,64,57,48,41,70,83,73,73,75,33,48,36,38,10,18,0,140,117,143,130,178,69,342,341,304,340,382,377,377,376,375,370,687,654,825,835,829,825,779,760,818,419,419,419,29989,509,512,513,483,411]} 1. c4 Nf6 2. Nc3 e5 3. g3 Nc6 4. Bg2 Bb4 5. Nd5 Bc5 6. e3 d6 7. Ne2 Bg4 {A25: English Opening vs King's Indian with ...Nc6 but without early d3} (7... a6 8. b3 O-O 9. O-O Ba7 10. Bb2 Nxd5 11. cxd5 Ne7 12. d4 f6 13. Rc1 Bb6 14. dxe5 fxe5 15. Nc3 {½-½ (60) Wang,H (2747)-Fressinet,L (2708) Elancourt 2013}) 8. h3 Bh5 {LiveBook: 4 Games} 9. d4 Bb6 $1 {White has an edge.} 10. Nxb6 $146 ({Predecessor:} 10. g4 Bg6 11. f4 h5 12. Nxb6 axb6 13. g5 Be4 14. O-O Bxg2 15. Kxg2 {1-0 (36) Heineman,C-Moll,R (2413) ICCF email 2001}) 10... axb6 11. d5 Ne7 12. g4 Bg6 13. Ng3 h5 14. g5 Nd7 15. h4 Nf5 16. Nxf5 Bxf5 17. e4 $1 $36 {[%cal Re4f5][%mdl 2048] White is on the roll.} Bg6 18. b4 f5 19. gxf6 gxf6 20. Qc2 Qe7 21. Bh3 c6 (21... Qh7 $11 22. f3 Rf8) 22. Rg1 Qh7 23. dxc6 bxc6 {[#]} 24. f3 ({White must play} 24. Qd3 $1 $18) 24... Ke7 $2 {[%mdl 8192]} (24... Nf8 $1 $14) 25. Qd3 $18 Rhd8 26. Be3 c5 27. Rd1 {[%cal Ba1d1,Bd1d2,Bd2g2][%mdl 32]} Nf8 28. Rd2 Qf7 29. Rdg2 Ke8 $2 (29... Ra4 30. a3 Rda8) 30. Bh6 cxb4 31. Bxf8 Ra3 32. Qd5 Qxd5 33. cxd5 Bf7 34. Bh6 Rda8 35. Kf2 Rc3 {[#]} (35... Ke7 $18 36. Rb1 Rxa2+ 37. Kg3 Rg8+ 38. Kh2 Rgxg2+ 39. Bxg2 Ra4) 36. Kg3 (36. Rg8+ $142 $1 Bxg8 37. Rxg8+ Ke7 38. Rxa8 Rc2+ 39. Kg3 f5 40. Bxf5 Rc1 41. Bxc1) 36... Raa3 37. Rf2 Bg6 38. Re1 {Precision: White = 65%, Black = 39%.} 1-0

[Event "XIX Sants Open 2017"]
[Site "Cotxeres de Sants"]
[Date "2017.08.27"]
[Round "10"]
[White "Moussard, Jules"]
[Black "Salinas Herrera, Pablo"]
[Result "1-0"]
[WhiteElo "2571"]
[BlackElo "2411"]
[Annotator "TA"]
[PlyCount "83"]
[EventDate "2017.??.??"]
[EventType "swiss"]
[EventCountry "ESP"]
[SourceTitle "playchess.com"]
[Source "ChessBase"]
[SourceQuality "1"]

{[%evp 20,83,29,18,46,29,53,33,55,57,69,69,87,66,77,70,59,69,64,55,51,47,63,52,91,87,97,95,125,92,100,88,65,55,95,68,297,297,285,277,314,37,43,0,0,0,0,0,0,0,0,0,0,0,0,0,0,0,0,0,0,0,642,500,471,306]} 1. e4 c5 2. d3 Nc6 3. g3 g6 4. Bg2 Bg7 5. f4 e6 6. Nf3 Nge7 7. O-O O-O 8. c3 d5 9. e5 f6 10. exf6 {B20: Sicilian: Unusual White 2nd moves} Bxf6 11. Re1 {LiveBook: 3 Games} (11. Be3 b6 12. Kh1 {½-½ (12) Yandemirov,V (2467)-Iljin,T (2422) Alushta 2010}) 11... Qd6 12. Na3 {White is slightly better.} a6 13. Nc2 Bg7 $146 ({Find the theoretical novelty and annotate with similar games:} 13... b5 14. d4 b4 15. Ne5 Bg7 16. dxc5 Qxc5+ 17. Be3 Qd6 18. Nxb4 Nxb4 19. cxb4 Qxb4 {1-0 (34) Simon Padros,E (2297)-Lommers,F (2217) Banyoles 2003}) 14. d4 b6 15. Be3 Bd7 16. Bf2 Nf5 17. Qd3 c4 18. Qd2 Nh6 19. h3 b5 20. Ne5 Nxe5 21. dxe5 Qe7 22. g4 Kh8 23. Nd4 Ng8 24. Bg3 Qc5 25. Kh1 Ne7 26. Rf1 a5 27. a3 Rab8 $2 {[#]} ({Black should try} 27... Rae8 $14) 28. f5 $1 $18 {[%mdl 512]} gxf5 (28... exf5 29. e6) 29. gxf5 Nxf5 {[#]} 30. Nxf5 $2 (30. Rxf5 $1 $18 {[%mdl 512]} exf5 31. e6) 30... exf5 $14 31. e6 ({Reject} 31. Bxd5 Rbd8 $15) 31... Bxe6 32. Bxb8 Rxb8 33. Rae1 Qd6 34. Qe2 Bg8 35. Rxf5 d4 36. cxd4 Qxd4 37. Qe7 $36 {[%mdl 2048] Black should prevent Qc7. Black is under pressure.} Qxb2 38. Qc7 (38. Qd6 $5 {[%cal Rd6b8]} Rc8 39. Qd7 $15) 38... Rf8 39. Rxf8 Bxf8 40. Qb8 Kg7 $2 {[%mdl 8192]} ({But not} 40... Bxa3 $2 41. Bd5 $18) ({Avoid the trap} 40... Qxa3 $2 41. Re8 $18) (40... Qd2 $11 41. Rf1 Bd6 42. Qxb5 a4) 41. Rg1 {Threatening mate with Bd5+.} Bf7 42. Qc7 {Precision: White = 51%, Black = 35%.} 1-0